|
|
|
|
| LEADER |
01066nam a22002652aa4500 |
| 001 |
001399743 |
| 003 |
CZ BrMZK |
| 005 |
20140804161435.0 |
| 007 |
ta |
| 008 |
140702m19601961xo af er|||||||||||slo d |
| 040 |
|
|
|a ABA001
|b cze
|c ABA001
|d BOA001
|
| 041 |
1 |
|
|a slo
|h cze
|
| 100 |
1 |
|
|a Macháček, Vlastimil,
|d 1925-
|7 jk01072962
|4 aut
|
| 245 |
1 |
0 |
|a Geometria pre stredné školy pre pracujúcich /
|c Vlastimil Macháček, Milan Koman ; preložil Šimon Pindroch
|
| 250 |
|
|
|a 1. vyd.
|
| 260 |
|
|
|a Bratislava :
|b Slovenské pedagogické nakladateľstvo,
|c 1960-1961
|
| 300 |
|
|
|a 2 sv.
|
| 505 |
0 |
|
|a Diel 1. 1960. 133 s., obr. příl. : il. -- Diel 2. 1961. 210 s.
|
| 700 |
1 |
|
|a Koman, Milan,
|d 1932-2012
|7 jk01061411
|4 aut
|
| 700 |
1 |
|
|a Pindroch, Šimon,
|d 1918-
|7 jx20040212020
|4 trl
|
| 910 |
|
|
|a BOA001
|b 2-0446.499
|s 1-2
|
| 990 |
|
|
|a BK
|
| 991 |
|
|
|b 201406
|
| 996 |
7 |
|
|b 2619086424
|c 2-0446.499
|d 2.
|v 2
|l MZK
|r Sklad / do 24 hodin
|n 0
|w 001434825
|u 000020
|a 1
|e BOA001
|j MZK50
|s A
|
| 996 |
7 |
|
|b 2619086425
|c 2-0446.499
|d 1.
|v 1
|l MZK
|r Sklad / do 24 hodin
|n 0
|w 001434825
|u 000010
|a 1
|e BOA001
|j MZK50
|s A
|